000 00536nam a2200169Ia 4500
008 240729s9999 xx 000 0 und d
022 _a1936-9018
245 0 _aWestern Journal of Emergency Medicine
260 _aUnited States
260 _beScholarship Publishing, University of California
650 _a Internal medicine
650 _a Medical emergencies. Critical care. Intensive care. First aid
650 _aMedicine
856 _uhttps://doaj.org/toc/239e7505e31f4c808a152a722e97bcc4
942 _2ddc
942 _cDOAJEJ
999 _c72735
_d72735
945 _a1
_bMadushi Gamage
_c1
_dMadushi Gamage